00000000nam##2200000za#4500
0019.662685
003CaOODSP
00520210615120702
007ta
008150407|2002||||xxc|||||     f|0| 0 eng|d
020 |a0-662-65650-4
040 |aCaOODSP|beng
041 |aeng
041 |afre
043 |an-cn---
0861 |aSC94-81/2001
1101 |aCanada.|bCanadian Centre for Management Development.
24510|aMoving from the heroic to the everyday : |blessons learned from leading horizontal projects / |cby Mark Hopkins, Chantal Couture and Elizabeth Moore.
260 |aOttawa - Ontario : |bCanadian Centre for Management Development |c2002.
300 |axii, 64p. : |breferences, tables ; |c28 cm.
563 |aSoftcover
590 |a02-31|b2002-08-02
69007|aOffice management|2gcpds
69007|aPublic service|2gcpds
69007|aDecentralization|2gcpds
7201 |aHopkins, Mark
7201 |aCouture, Chantal
7201 |aMoore, Elizabeth
7760#|tDe l'effort héroïque au travail quotidien : |w(CaOODSP)9.640023
7760#|tMoving from the heroic to the everyday : |w(CaOODSP)9.695903
792 |tDe l'effort héroïque au travail quotidien : |efre|w(CaOODSP)9.662686